Normal view
MARC view
Entry Personal Name
001 - CONTROL NUMBER
- control field: 83468
003 - CONTROL NUMBER IDENTIFIER
- control field: OSt
005 - DATE AND TIME OF LATEST TRANSACTION
- control field: 20251029145317.0
008 - FIXED-LENGTH DATA ELEMENTS
- fixed length control field: 251029|| aca||aabn | a|a d
040 ## - CATALOGING SOURCE
- Original cataloging agency: OSt
- Transcribing agency: OSt
100 ## - HEADING--PERSONAL NAME
- Personal name: फतह, तारेक
670 ## - SOURCE DATA FOUND
- Source citation: Work cat.: (OSt)68396: फतह, तारेक , इस्लामिक राज्य का भ्रम , 2022









